000 00540nam a2200241Ia 4500
003 OSt
005 20220924134610.0
006 a|||||r|||| 00| 0
007 ta
008 KAN
024 _a280823
037 _cTextual
040 _aARTS
_cARTS
_bKAN
041 _2KAN
_aKAN
082 _aP33, L7
100 _aInamdar V M
245 0 _aSaratchandra vyakti mattu kalavidha
260 _c1977
300 _a140p.
_ccm.
650 _aLINGUISTICS
942 _hP33, L7
_cTEXL
_2CC
999 _c437970
_d437970